000
00264nam a22001217a 4500
008
181217b xxu||||| |||| 00| 0 eng d
041
_a
eng
080
_a
531
100
_a
48
101
_a
FIZ
245
_a
Moder Physics Enginnering
_c
Louls,M
942
_2
udc
_c
BK
999
_c
53156
_d
53156